Catálogo
 En Linea

Discurso pronunciado por el presidente de la República, doctor Joaquín Balaguer, en ranchos de Tavera, el 15 de enero de 1968 para iniciar los trabajos de construcción de la Presa de Tavera. (Registro nro. 31128)

Detalles MARC
000 -CABECERA
campo de control de longitud fija 00609nam a2200157 a 4500
001 - NÚMERO DE CONTROL
campo de control 000031636
003 - IDENTIFICADOR DEL NÚMERO DE CONTROL
campo de control DO-SdBNP
005 - FECHA Y HORA DE LA ÚLTIMA TRANSACCIÓN
campo de control 20210630095342.0
008 - DATOS DE LONGITUD FIJA--INFORMACIÓN GENERAL
campo de control de longitud fija 110628s1968 dr 000 0 spa d
040 ## - FUENTE DE LA CATALOGACIÓN
Centro catalogador/agencia de origen DO-SdBNP
Lengua de catalogación spa
Centro/agencia transcriptor BNPHU
049 ## - FONDOS LOCALES (OCLC)
Fondos de biblioteca BNPD
245 00 - MENCIÓN DE TÍTULO
Título Discurso pronunciado por el presidente de la República, doctor Joaquín Balaguer, en ranchos de Tavera, el 15 de enero de 1968 para iniciar los trabajos de construcción de la Presa de Tavera.
260 ## - PUBLICACIÓN, DISTRIBUCIÓN, ETC.
Lugar de publicación, distribución, etc. Santo Domingo : 1968. :
Nombre del editor, distribuidor, etc. Dirección General de Información y Prensa de la República.
300 ## - DESCRIPCIÓN FÍSICA
Extensión 13 p. ;
Dimensiones 22 cm.
942 ## - ELEMENTOS DE PUNTO DE ACCESO ADICIONAL (KOHA)
Fuente del sistema de clasificación o colocación Dewey Decimal Classification
Tipo de ítem Koha Libro
Existencias
Estado de retiro Estado de pérdida No para préstamo Código de colección Localización permanente Ubicación/localización actual Ubicación en estantería Fecha de adquisición Número de inventario Total de préstamos Signatura topográfica completa Código de barras Fecha visto por última vez Precio válido a partir de Tipo de ítem Koha
    Excluido de préstamo Patrimonio Dominicano Patrimonio Dominicano Patrimonio Dominicano En catalogación 28.06.2011 LF1   31636-10 25.06.2020 25.06.2020 Libro y Folleto Colección Patrimonio Dominicano

Con tecnología Koha